02512nam a2200229Ia 4500952011400000999001700114008004100131020001800172050002500190110002700215245011000242250001900352260003000371300003300401500002300434500011800457505154500575519004402120650005202164650005902216942000702275 00104070a04b04d2019-07-16l57oC KGF7611 A28 2019p04 004343r2026-02-11s2023-11-16t1w2019-07-16yLB c62899d62899120625t20012019mx 000 0 spa d a9786075410609 4aC KGF7611 bA28 20181 aMéxico. Leyes, etc. 10aAgenda civil CDMX 2019b : compendio de leyes, reglamentos y otras disposiciones conexas sobre la materia a39a. edición aMéxicob : ISEFc, 2019 axii, [paginación varía]  a1a. edición 2001 a"Esta edición contiene las disposiciones publicadas hasta la fecha de impresión de este producto enero 2019"  aCódigo Civil para el Distrito Federal Código de Procedimientos Civiles para el Distrito Federal Código Civil Federal Código Federal de Procedimientos Civiles Ley de Responsabilidad Civil para la Protección del Derecho a la Vida Privada, el Honor y la Propia Imagen en el Distrito Federal Ley de Propiedad en Condominio de Inmuebles para el Distrito Federal Reglamento de la Ley de Propiedad en Condominio de Inmuebles para el Distrito Federal Ley Registral para la Ciudad de México Reglamento de la Ley Registral para la Ciudad de México Reglamento del Registro Civil del Distrito Federal Ley del Notariado para la Ciudad de México Reglamento de la Ley del Notariado para la ciudad de México Arancel de Notarios de la ciudad de México Convenio de Coordinación para Ejecutar el Registro del Recién Nacido en las Clínicas y Hospitales del Sector Salud en el Distrito Federal Ley de Instituciones de Asistencia Privada para el Distrito Federal Ley para prevenir y eliminar la discriminación del Distrito Federal Ley de acceso de las mujeres a una vida libre de violencia para el Distrito Federal Ley de sociedad de convivencia para la Ciudad de México Ley de la Procuraduría Social del Distrito federal Reglamento de la Ley de la Procuraduría Social del Distrito Federal Ley de fomento a las actividades de desarrollo social de las organizaciones civiles parta el Distrito Federal Decreto que abroga el diverso que prorroga los contratos de arrendamiento de las casas o locales que se citan  aMaterial Complementario / d(04 004343) 0aDERECHO CIVILvLEYES Y LEGISLACIÓN zMÉXICO 0aPROCEDIMIENTO CIVIL vLEYES Y LEGISLACIÓN zMÉXICO cLB